Sociopolitical sciences and international military affairs : the tunnel of war and peace
This book examines the connection between sociology and international military affairs by analysing the work of key social and political scientists in the field.The book demonstrates the renewed relevance of older sociological concepts such as imitation, unanticipated consequences of policies, struc...
Saved in:
| Main Author | |
|---|---|
| Format | Electronic eBook |
| Language | English |
| Published |
London :
Routledge,
2026.
|
| Series | Cass military studies
|
| Subjects | |
| Online Access | Full text |
| ISBN | 9781040441480 1040441483 9781003559153 1003559158 9781040441411 1040441416 1032906243 9781032906249 1032906235 9781032906232 |
| Physical Description | 1 online resource (280 pages) : illustrations (black and white). |
Cover
| LEADER | 00000cam a22000008i 4500 | ||
|---|---|---|---|
| 001 | tf-9781003559153 | ||
| 003 | FlBoTFG | ||
| 005 | 20251021112413.6 | ||
| 006 | m o d | ||
| 007 | cr ||||||||||| | ||
| 008 | 250801s2026 enka o 000 0 eng d | ||
| 040 | |a OCoLC-P |b eng |e rda |e pn |c OCoLC-P | ||
| 020 | |a 9781040441480 |q ePub ebook | ||
| 020 | |a 1040441483 | ||
| 020 | |a 9781003559153 |q (electronic bk.) | ||
| 020 | |a 1003559158 |q (electronic bk.) | ||
| 020 | |a 9781040441411 |q (electronic bk. : PDF) | ||
| 020 | |a 1040441416 |q (electronic bk. : PDF) | ||
| 020 | |z 1032906243 | ||
| 020 | |z 9781032906249 | ||
| 020 | |z 1032906235 | ||
| 020 | |z 9781032906232 | ||
| 024 | 8 | |a CIPO000272410 | |
| 024 | 7 | |a 10.4324/9781003559153 |2 doi | |
| 024 | 8 | |a CIPO000272171 | |
| 035 | |a (OCoLC)1535172317 | ||
| 035 | |a (OCoLC-P)1535172317 | ||
| 100 | 1 | |a Soeters, J., |e author. |1 https://id.oclc.org/worldcat/entity/E39PCjt6yDVC9Q6xD7dBTkdtgC |1 https://isni.org/isni/0000000055229022 | |
| 245 | 1 | 0 | |a Sociopolitical sciences and international military affairs : |b the tunnel of war and peace / |c Joseph Soeters. |
| 264 | 1 | |a London : |b Routledge, |c 2026. | |
| 300 | |a 1 online resource (280 pages) : |b illustrations (black and white). | ||
| 336 | |a text |2 rdacontent | ||
| 336 | |a still image |2 rdacontent | ||
| 337 | |a computer |2 rdamedia | ||
| 338 | |a online resource |2 rdacarrier | ||
| 490 | 0 | |a Cass military studies | |
| 506 | |a Plný text je dostupný pouze z IP adres počítačů Univerzity Tomáše Bati ve Zlíně nebo vzdáleným přístupem pro zaměstnance a studenty | ||
| 520 | |a This book examines the connection between sociology and international military affairs by analysing the work of key social and political scientists in the field.The book demonstrates the renewed relevance of older sociological concepts such as imitation, unanticipated consequences of policies, structural violence, the governance of the commons, collateral damage, McDonaldization, the Garrison State and many others. It also proposes new notions, such as the dynamics of hostilization (as a twin concept of criminalization) and security panic. The work illustrates these concepts through examples from today's world - including Gaza, the war in Ukraine, conflicts in Africa, and riots in cities such as Amsterdam. It also uses material from conflicts and military actions in the recent past, such as in Rwanda, Bosnia, and Afghanistan. The book is a companion volume to the author's 2018 Sociology and Military Studies, which examined the link between sociology and the military by studying the work of key foundational thinkers in the field. As a follow-up, the present book presents 14 new authors from the field of general sociology and politics but takes a broader approach in terms of application, including the dynamics of politics, conflict and war.This book will be of great interest to students of the social and political sciences, military studies, civil-military relations, war and conflict studies and International Relations in general. | ||
| 588 | |a OCLC-licensed vendor bibliographic record. | ||
| 650 | 0 | |a Sociology, Military. | |
| 655 | 7 | |a elektronické knihy |7 fd186907 |2 czenas | |
| 655 | 9 | |a electronic books |2 eczenas | |
| 856 | 4 | 0 | |u https://proxy.k.utb.cz/login?url=https://www.taylorfrancis.com/books/9781003559153 |